Capitals of Asia with Map - Statistics

General Stats
  • This quiz has been taken 178 times
  • The average score is 37 of 48
Answers on the Map
Answers color-coded by a green-red scale on the quiz's map according to % correct below.
 
Answer Stats
Continent Capital % Correct
Asia Tokyo
98%
Asia Seoul
97%
Asia Beijing
95%
Asia New Delhi
95%
Asia Ankara
89%
Asia Jakarta
88%
Asia Manila
88%
Asia Pyongyang
88%
Asia Singapore
88%
Asia Taipei
87%
Asia Jerusalem
86%
Asia Bangkok
84%
Asia Riyadh
84%
Asia Abu Dhabi
83%
Asia Baghdad
83%
Asia Kuala Lumpur
83%
Asia Tehran
83%
Asia Hanoi
82%
Asia Damascus
80%
Asia Kuwait City
80%
Asia Baku
79%
Asia Islamabad
78%
Asia Dhaka
77%
Asia Astana
76%
Asia Tbilisi
76%
Asia Kabul
75%
Asia Malé
75%
Asia Ulaanbaatar
75%
Asia Doha
74%
Asia Sana'a
74%
Asia Beirut
73%
Asia Muscat
73%
Asia Nicosia
73%
Asia Yerevan
72%
Asia Amman
71%
Asia Kathmandu
70%
Asia Phnom Penh
70%
Asia Bishkek
66%
Asia Dili
66%
Asia Vientiane
66%
Asia Thimphu
65%
Asia Tashkent
64%
Asia Sri Jayawardenepura Kotte
63%
Asia Ashgabat
61%
Asia Naypyidaw
60%
Asia Dushanbe
59%
Asia Manama
59%
Asia Bandar Seri Begawan
54%
No matching quizzes found
Score Distribution
Percent of People with Each Score
Percentile by Number Answered
Your Score History
You have not taken this quiz